chapter 11 Columbus exchange - Statistics

General Stats
  • This quiz has been taken 62 times
    50 since last reset
  • The average score is 38 of 91
Answer Stats
Hint Answer % Correct
What were the three motivations for exploration? gold
75%
The Spice Islands were in present-day Indonesia
75%
island chain in present day Indonesia, spice islands Moluccas
75%
Portuguese prince, sponsored voyages to the Ceuta and the west African coast Prince Henry
75%
Portuguese explorer, first to directly reach India by sailing around Africa coast, fought Arab Muslim ships, established trading posts on the coast of Africa Vasco Da Gama
75%
a map maker Cartographer
69%
Italian, sailed west to reach India, had support from Spain. Landed in the Caribbean islands, thought it was the indies Christopher Columbus
69%
Portuguese, explorations to Africa and India, Spanish support to sail to the Moluccas. First to Circumnavigate the world, died before he finished Ferdinand Magellan
69%
_____ wanted to circumnavigate the globe. Ferdinand Magellan
69%
What were the three motivations for exploration? glory
69%
What were the three motivations for exploration? god
69%
line set by the treaty of Tordesillas, dividing the non Europe world into 2 zones, one controlled by Spain the other Portugal. Made by the Pope Line of Demarcation
69%
Vasco da Gama sailed around Cape of Good Hope to India, it took ___ months one way 10
63%
he lost _/_ of his ships 1/2
63%
Lands Oct. 12th(cams bday!!!!!!) ____ 1492
63%
prince henry Finds an easier route to Asia by going around ___ Africa
63%
Portugal built ___ not colonies forts
63%
Greatly ______ the Earth’s size underestimate
63%
Europeans want to cut out middle man ( _____) Arabians
56%
improvements to sailing: Better ____ compass
56%
Columbus promises Q. Isabella that he could ____ the Indians to Christianity & enslave them convert
56%
Portugal, ___ of the line. east
56%
Columbus (for Spain) sailed w/the 3 boats looking for a direct sea route to ____ india
56%
improvements to sailing: Improved_____ mapmaking
56%
Columbus meets the ____, a group of native Americans Tainos
56%
conquistador cycle (name al of them) attack
50%
improvements to sailing: _____ (European Square & Arabic Triangular) Caravels
50%
conquistador cycle Christianize
50%
china had _____ and ____ porcelain
50%
creating a trading empire for ____ in .east Africa and India Portugal
50%
conquistador cycle repeat
50%
china had _____ and ____ silk
50%
the two diseases were smallpox
50%
____ had trading and exploration west of the line spain
50%
example of gold (______) spices
50%
conquistador cycle steal
50%
improvements to sailing: _____ applied to shipping astrolabes
44%
Spanish explorer ____ crossed Panama with help from the natives and was the 1st to reach the Pacific Ocean. Balboa
44%
rounded the tip of Africa in 1488 @ the Cape of Good Hope because it opened the sea route to Asia. Bartolomeu Dias
44%
Thought he was in East Indies, but landed on the Caribbean islands.
44%
an agreement among people compact
44%
Spanish conquistador who fooled the Aztecs and later conquered them Cortes
44%
second of the coloanal system, a person born in the americas with both parents from spain creole
44%
group to replace the portugues dutch
44%
the two diseases were flu
44%
top of the spanish coloanal system, a person born in spain peninsular
44%
The ___ divided the non-European world into two spheres: pope
44%
sugar was prodduced into this to last longer rum
44%
conquistador cycle slaughter
44%
a sea captain, wrote about Brazil and called it “America.” Amerigo Vespucci
38%
war btwn the brits and france in the americas french and Indian war
38%
city located on malay peninsula near the straits of malacca malacca
38%
muslim empire who ruled most of northern india Mughal
38%
china only accepts silver and gold
38%
this was called the slave trade
38%
__ million foced to migrate to the new world 13
31%
establised in 1607
31%
first perminate european settlement in africa, est. by the Dutch cape town
31%
grown to be sold to be turned into something else cash crop
31%
trading company established with sovereign powers by the Netherlands Dutch east India company
31%
conquisadors would demand labor or tribute from native americans in harsh conditions encomienda
31%
korea gets invaded twice by japan and once by china leading to ____ isolationism
31%
first north american colony Jamestown
31%
indian woman who helped translate for cortes malinche
31%
italian jesuit priest who went to china with an open mind and was let in Matteo Ricci
31%
aztec emperor who got destroyed by cortes moctezuma
31%
this was Formalized in the Treaty of _____ Tordesillas
31%
treaty that ended the seven years war and gave dominace of america to britian. treaty of paris
31%
city seized in 1510 which became a commercial and military base for Portugal's Indian trade Goa
25%
resistance, power from being affected by disease immunity
25%
third in the spanish coloanal system, a person of N.A. and european decent mestizo
25%
third in the spanish coloanal system, a person of african and european decent mulatto
25%
full, independent power sovereign
25%
capital city of aztec empire (modern day Mexico city) tenochtitlan
25%
its economic system will be dependent upon exporting Tobacco
25%
why were the incas so weak civil war
19%
southern colonies were dependent on exporting cotton
19%
french possessions in present day canada new france
19%
country in southeast asia made up of thousands of islands seized by spain, Philippines
19%
english protestants who rejected the church of england pilgrim
19%
spanish, went to peru, incas were weak and took over pizarro
19%
the dutch _____ population out of existence reproduced
19%
japan was different because they ___ European Christians welcomed
19%
portugues admiral who built forts in Africa and found Portugal's trading empire Afonso de Albuquerque
13%
asked the pope to stop the system above Bartolome de las casas
13%
leader in the Spanish conquests of America, Mexico and Peru Conquistador
13%
middle colonies were dependent on exporting grain
13%
the conquistadors dominated because of _____, better weapons and diseases horses
13%
the part of this voyage where most people died middle passageway
13%
cortez establishes a compact with native ____ tribes
13%
British parliament, failed to persuade emperor Qianlong of China to let the UK trade lord McCarthey
0%
No matching quizzes found
Score Distribution
Percent of People with Each Score
Percentile by Number Answered
Your Score History
You have not taken this quiz since the last reset